[Event "COL-chT Interclubes"]
[Site "Colombia"]
[Date "2012.??.??"]
[Round "5.4"]
[White "Mejia, Miguel"]
[Black "Nieto, Manuel Valerio Wald"]
[Result "1/2-1/2"]
[WhiteElo "1816"]
[BlackElo "1947"]
[PlyCount "125"]
[EventDate "2012.11.23"]
[EventType "tourn"]
[EventRounds "7"]
[EventCountry "COL"]
[SourceTitle "EXT 2024"]
[Source "ChessBase"]
[SourceDate "2023.10.10"]
[SourceVersion "1"]
[SourceVersionDate "2023.10.10"]
[SourceQuality "1"]

1. e4 d5 2. exd5 Qxd5 3. Nc3 Qd6 4. Bc4 Nf6 5. d3 c6 6. f4 Bg4 7. Nf3 e6 8. 0-0 Qc7 9. h3 Bh5 10. Qe2 Bc5+ 11. Kh1 0-0 12. Ne4 Be7 13. Bd2 Nbd7 14. Rae1 Nb6 15. Bb3 Nfd5 16. g4 Bg6 17. Ne5 Bh4 18. Rd1 Bf6 19. Nxf6+ gxf6 20. Nxg6 hxg6 21. f5 e5 22. fxg6 fxg6 23. Bh6 Rf7 24. Qe4 Kh7 25. Bd2 Rh8 26. c4 Ne7 27. Rde1 Kg7 28. Kg2 Qd7 29. Bc3 Qe6 30. d4 Nd7 31. d5 cxd5 32. cxd5 Qd6 33. g5 fxg5 34. Rxf7+ Kxf7 35. Bxe5 Nxe5 36. Qxe5 Qxe5 37. Rxe5 Nf5 38. Re6 Nd4 39. Rd6 Nxb3 40. axb3 Re8 41. Rd7+ Kf6 42. Rxb7 Re2+ 43. Kf3 Rxb2 44. d6 a5 45. d7 Ke7 46. Kg4 a4 47. b4 a3 48. b5 a2 49. Ra7 Rxb5 50. Rxa2 Kxd7 51. Re2 Kd6 52. Ra2 Ke6 53. Ra6+ Kf7 54. Ra2 Kg7 55. Rc2 Kh6 56. Rc3 Rb4+ 57. Kg3 Ra4 58. Rd3 Kh5 59. Rb3 Kh6 60. Rc3 Rb4 61. Rd3 Ra4 62. Rc3 Rb4 63. Rd3 1/2-1/2